00996nam a22002417a 450000500170000000800410001702000180005804000250007604100080010104400070010908200160011610000360013224501330016826000510030130000190035250400560037165000350042765000290046265000610049194200150055299900150056795201720058220150305101658.0150305b2014 ck |||||r|||| 00| 0 spa d a9789588745787 aCO-BoIAvHcCO-BoIAvH aspa ack04a333.7bM72a1 aMoina Triana, Alfredo Guillermo10aLas autoridades del sistema nacional ambiental: ubn análisis desde la política pública/cAlfredo Guillermo Molina Triana aBogotá:bUniversidad Sergio Arboleda,c2014. a154 p.c21 cm. aIncluye referencias bibliográficas (pag. 107-119) 4aPolítica ambientalzColombia aMedio AmbientezColombia aSistma Nacional Ambiental SinaxorganizaciónzColombia 2ddccLIBRO c9079d9079 00102ddc40708GENERALIINV2017aBogotabBogotad2015-03-05eInstitutog39000.00l0oLB-333.7 M72ap038954r2015-03-05 00:00:00tEj. 1w2015-03-05xDonaciónyLIBRO